Statistics for NHL (EA SPORTS) Video Game Cover Athlete (US Editions)

Click here to take the quiz!

General Stats

  • This quiz has been taken 3,800 times
  • The average score is 8 of 24

Answer Stats

HintAnswer% Correct
NHL Slapshot (Wii Only)Wayne Gretzky
79%
NHL 07Alexander Ovechkin
74%
NHL 10Patrick Kane
72%
NHL 11Jonathan Toews
66%
NHL 12Steven Stamkos
60%
NHL 13Claude Giroux
55%
NHL 2002Mario Lemieux
45%
NHL 2003Jarome Iginla
41%
NHL 2004 (Recover)Joe Sakic
38%
NHL 96Scott Stevens, Steve Yzerman
35%
NHL 08Eric Staal
33%
NHL 06Vincent Lecavalier
29%
NHL 99Eric Lindros
28%
NHL 98Peter Forsberg
28%
NHL 09Dion Phaneuf
27%
NHL 2004 (Original)Dany Heatley
26%
NHL 2005Markus Naslund
21%
NHL 2000Chris Pronger
18%
NHL 2001Owen Nolan
16%
NHL 97John Vanbiesbrouck
8%
NHLPA Hockey 93Rod Brind'Amour, Mike Richter, Randy Moller
7%
NHL 95Alexei Kovalev, Kirk McLean
5%
NHL 94Tomas Sandstrom, Andy Moog
3%
NHL HockeyKelly Hrudey
1%

Score Distribution

Percentile by Number Answered

Percent of People with Each Score

Your Score History

You have not taken this quiz